000 00618nam a2200229Ia 4500
005 20241216010347.0
008 180423s9999||||xx |||||||||||||| ||und||
020 _a970-625-131-6
082 _a510
_bN54
100 _aNICHOLS EUGENE D.
245 0 _aDICCIONARIO Y MANUAL DE MATEMATICAS
250 _a0
260 _aMEXICO
_bIBEROAMERICANA S.A.
_c1996
300 _a449 pag
_c21 cm
341 _h92.62
490 _v0
_a0
505 _aPORCENTAJES-PROPIEDADES/CONVERSIONES-FOMULAS
541 _aC
_bSAN CRISTOBAL S.A.
_d30-Jun-99
_odólar
650 _aCIENCIAS PURAS
856 _zReferencia
942 _cLIBRO
999 _c12371
_d12371